[Event "Kobanya op"]
[Site "Kobanya op"]
[Date "1992.??.??"]
[Round "10"]
[White "Zimmerman, Yuri"]
[Black "Pospelov, Evgeny"]
[Result "0-1"]
[WhiteElo "2280"]
[BlackElo "2400"]

1.d4 Nf6 2.c4 g6 3.Nc3 Bg7 4.e4 d6 5.Nf3 O-O 6.Be2 Nbd7 7.O-O e5 8.d5 a5
9.Qc2 Nc5 10.Bg5 h6 11.Be3 b6 12.Nd2 Bd7 13.b3 Nh7 14.a3 f5 15.f3 Rf7 16.b4 Nb7
17.c5 bxc5 18.bxc5 Nxc5 19.Bxc5 dxc5 20.Nb5 Bf8 21.Nb3 c6 22.dxc6 Bxc6 23.Bc4 Bxb5
24.Bxb5 Kh8 25.Bc4 Rf6 26.Rad1 Qc7 27.Rd5 a4 28.Nd2 Ng5 29.exf5 gxf5 30.Qc3 Ne6
31.Qxe5 Qxe5 32.Rxe5 Nd4 33.Rb1 Nc2 34.Bd5 Rd8 35.Nc4 Bg7 36.Bb7 Rf7 37.Rd5 Bd4+
38.Kh1 Rb8 39.Nd6 Rd7 40.Rc1 Rdxb7 41.Nxb7 Rxb7 42.Rd8+ Kg7 43.Ra8 Nxa3 44.Rxa4 Rb1
45.Rxb1 Nxb1 46.Ra2 c4 47.Ra4 Nd2 48.g3 Kf6 49.g4 f4 50.h4 Ke5 51.Ra5+ Kd6
52.g5 hxg5 53.hxg5 c3 54.Ra2 Nxf3 55.g6 Ke7 56.Rg2 Kf8 57.g7+ Kg8 58.Rg6 c2
59.Rc6 Ne1  0-1

[Event "Komotini op"]
[Site "Komotini"]
[Date "1992.??.??"]
[Round "?"]
[White "Peek, Marcel"]
[Black "Georgiev, Krum"]
[Result "0-1"]
[WhiteElo "2350"]
[BlackElo "2510"]

1.d4 Nf6 2.c4 g6 3.Nc3 Bg7 4.e4 O-O 5.Nf3 d6 6.Be2 e5 7.Bg5 Qe8 8.dxe5 dxe5
9.Nd5 Nxe4 10.Be7 Nc6 11.Bxf8 Qxf8 12.O-O Qd6 13.Nd2 Nc5 14.Nb3 Nxb3 15.axb3 Nd4
16.Bd3 Be6 17.Nc3 Qb6 18.Nb5 Nf5 19.b4 a6 20.c5 Qc6 21.Qb1 e4 22.Be2 Re8
23.Nc3 Nd4 24.Ra3 f5 25.Bd1 Qd7 26.Ne2 Nb5 27.Ba4 Bc4 28.Rd1 Qf7 29.Bxb5 Bxb5
30.Nd4 Bc4 31.Nc2 f4 32.Ne1 Bb3 33.Rd2 Qc4 34.f3 Bd4+  0-1

[Event "ARG-ch sf1"]
[Site "La Plata"]
[Date "1992.??.??"]
[Round "?"]
[White "Filgueira, Hernan"]
[Black "Szmetan, Jorge"]
[Result "1-0"]
[WhiteElo "2285"]
[BlackElo "2400"]

1.d4 d6 2.Nf3 Nd7 3.c4 e5 4.e4 g6 5.Nc3 Bg7 6.Be2 Ngf6 7.O-O O-O 8.Be3 c6
9.d5 cxd5 10.cxd5 Ng4 11.Bc1 a5 12.Nd2 Ngf6 13.b3 Nc5 14.Ba3 b6 15.b4 axb4
16.Bxb4 Ne8 17.Rb1 f5 18.Bxc5 bxc5 19.Nc4 Ba6 20.Nd2 Nf6 21.Bxa6 Rxa6 22.Nc4 Nxe4
23.Nxe4 fxe4 24.a4 e3 25.fxe3 Rxf1+ 26.Kxf1 Qh4 27.Qc2 Qxh2 28.Rb8+ Bf8 29.Qf2 Qh1+
30.Ke2 Qh6 31.Qf6 Qg7 32.Qe6+ Kh8 33.Nxd6 Ra7 34.Ne8 Qe7 35.Qxe7 Bxe7 36.d6 Bg5
37.a5 Rxa5 38.Nc7+ Kg7 39.Ne6+ Kf6 40.Nxg5  1-0

[Event "Leeuwarden op"]
[Site "Leeuwarden"]
[Date "1992.??.??"]
[Round "4"]
[White "Klarenbeek, Hans"]
[Black "Nijboer, Friso"]
[Result "0-1"]
[WhiteElo "2420"]
[BlackElo "2485"]

1.d4 Nf6 2.c4 g6 3.Nc3 Bg7 4.e4 d6 5.Nf3 O-O 6.Be2 e5 7.Be3 Ng4 8.Bg5 f6
9.Bh4 Nc6 10.d5 Ne7 11.Nd2 Nh6 12.b4 g5 13.Bg3 Ng6 14.f3 f5 15.c5 Nf4 16.O-O g4
17.cxd6 cxd6 18.fxg4 Nxe2+ 19.Qxe2 f4 20.Be1 Nxg4 21.Nc4 Bd7 22.a4 Rc8 23.Nb5 Rxc4
24.Qxc4 Ne3 25.Qc7 Qg5 26.Rf2 Bh3 27.g3 Rc8 28.Qxb7 fxg3 29.Rfa2 gxh2+ 30.Kxh2 Rf8
31.Bg3 Rf3 32.Qb8+ Bf8 33.Rg1 Rxg3 34.Rf2 Nf5 35.Nc7 Qh4 36.Qd8 Qxd8 37.Rxg3+ Nxg3
38.Ne6 Bxe6  0-1

[Event "Liechtenstein op"]
[Site "Liechtenstein"]
[Date "1992.??.??"]
[Round "?"]
[White "Borriss, Martin"]
[Black "Mainka, Romuald"]
[Result "1-0"]
[WhiteElo "2395"]
[BlackElo "2455"]

1.d4 Nf6 2.Nf3 g6 3.c4 Bg7 4.Nc3 O-O 5.e4 d6 6.Be2 e5 7.dxe5 dxe5 8.Qxd8 Rxd8
9.Bg5 c6 10.Nxe5 Re8 11.O-O-O Na6 12.Nf3 Nc5 13.Nd2 Ng4 14.Bxg4 Bxg4 15.f3 Be6
16.Kc2 a5 17.Be3 Na6 18.a3 b5 19.cxb5 cxb5 20.Nxb5 Rab8 21.Nc3 Rec8 22.Rc1 Nb4+
23.axb4 axb4 24.Kd3 bxc3 25.bxc3 f5 26.Bd4 Rd8 27.Rb1 Rbc8 28.Rb7 Rxc3+ 29.Kxc3 Bxd4+
30.Kc2 Ra8 31.Rhb1 Be5 32.Re7 Rc8+ 33.Kd3  1-0

[Event "Liechtenstein op"]
[Site "Liechtenstein"]
[Date "1992.??.??"]
[Round "?"]
[White "Grooten, Herman"]
[Black "Nemet, Ivan"]
[Result "1-0"]
[WhiteElo "2430"]
[BlackElo "2395"]

1.d4 Nf6 2.c4 g6 3.Nc3 Bg7 4.e4 d6 5.Nf3 O-O 6.Be2 e5 7.Be3 Nc6 8.d5 Ne7
9.Nd2 c5 10.g4 a6 11.a4 Bd7 12.h4 Nxg4 13.Bxg4 f5 14.Bh3 f4 15.Bxc5 dxc5
16.Nf3 Bf6 17.Bxd7 Qxd7 18.a5 Nc8 19.Na4 Qc7 20.b4 Be7 21.Kf1 b5 22.cxb5 cxb4
23.b6 Qc4+ 24.Qe2 Nd6 25.Qxc4 Nxc4 26.Rc1 Nxa5 27.Nxe5 Nb3 28.Rc7 Bd6 29.Nc4 Bxc7
30.bxc7 Kf7 31.Nab6 Rae8 32.Nd6+  1-0

[Event "Linares NL"]
[Site "Linares"]
[Date "1992.??.??"]
[Round "?"]
[White "Garmendez, Florentino"]
[Black "Zapata, Alonso"]
[Result "0-1"]
[WhiteElo "2325"]
[BlackElo "2530"]

1.d4 Nf6 2.c4 d6 3.Nc3 Nbd7 4.e4 e5 5.Nf3 g6 6.Be2 Bg7 7.O-O O-O 8.Be3 Ng4
9.Bg5 f6 10.Bc1 c6 11.h3 Nh6 12.Be3 Nf7 13.dxe5 dxe5 14.Qc2 Qe7 15.c5 Nxc5
16.Nd5 cxd5 17.Bxc5 Qc7 18.Rac1 Rd8 19.exd5 b6 20.Ba3 Qxc2 21.Rxc2 Bb7 22.d6 Nxd6
23.Bxd6 Rxd6 24.Rc7 Bd5 25.Rd1 Rad8 26.Rxa7 e4 27.Nh2 f5 28.b3 Be6 29.Rxd6 Rxd6
30.Nf1 Rc6 31.Ra8+ Kf7 32.Ra7+ Kf6 33.Rb7 Bf8 34.Bb5 Rc2 35.Rxb6 Bc5 36.Rc6 Bxf2+
37.Kh2 Rxc6 38.Bxc6 Ke5 39.g3 Kd4 40.Kg2 Be1 41.h4 h6 42.Be8 Bd5 43.Nh2 g5
44.hxg5 hxg5 45.Bh5 g4 46.Nxg4 fxg4 47.Bxg4 e3+ 48.Kf1 Bxg3 49.Ke2 Bd6 50.Ke1 Be4
51.Bd1 Bd3 52.Be2 Bb4+ 53.Kd1 Bd2 54.a4 Kc3 55.Bh5 e2+ 56.Bxe2 Bc2+  0-1

[Event "Linares NL"]
[Site "Linares"]
[Date "1992.??.??"]
[Round "?"]
[White "Sunye Neto, Jaime"]
[Black "Hernandez, Gilberto"]
[Result "0-1"]
[WhiteElo "2495"]
[BlackElo "2480"]

1.d4 Nf6 2.c4 g6 3.Nc3 Bg7 4.e4 d6 5.Be2 O-O 6.Nf3 e5 7.d5 a5 8.Nd2 Na6 9.h4 Nc5
10.g4 a4 11.f3 h5 12.g5 Nh7 13.Nf1 f6 14.Rg1 fxg5 15.hxg5 Rf4 16.Bxf4 exf4
17.Qd2 Be5 18.O-O-O Bd7 19.Kc2 Nxg5 20.Qe1 Kh7 21.Qh4 Bf6 22.Qxf4 Nh3 23.Qe3 Nxg1
24.Qxg1 a3 25.b3 Qe7 26.Rb1 Qe5 27.Qe3 Bg5 28.Qg1 Rf8 29.Ne3 Qf4 30.Nf1 h4
31.Nb5 Na6 32.b4 Bh6 33.Nc3 h3 34.Kb3 Qe5 35.Nh2 Bg7 36.Rc1 c5 37.b5 Nb4
38.Nf1 Bh6 39.Rb1 Kg7 40.Nd1 Bf4 41.Nf2 h2 42.Qg2 Rh8 43.Nh1 Qd4  0-1

[Event "Lippstadt"]
[Site "Lippstadt"]
[Date "1992.??.??"]
[Round "?"]
[White "Panzer, Peter"]
[Black "Glek, Igor V"]
[Result "0-1"]
[WhiteElo "2340"]
[BlackElo "2520"]

1.d4 Nf6 2.c4 g6 3.Nc3 Bg7 4.e4 d6 5.Nf3 O-O 6.Be2 e5 7.O-O Na6 8.d5 Nh5
9.g3 f5 10.exf5 Bxf5 11.Ng5 Nc5 12.f3 h6 13.Nge4 Nxe4 14.fxe4 Bh3 15.Rxf8+ Qxf8
16.Bg4 Bxg4 17.Qxg4 Qf7 18.Be3 Rf8 19.Kg2 a6 20.Qe2 Qd7 21.Rf1 Rxf1 22.Qxf1 Kh7
23.h3 Nf6 24.g4 c6 25.a4 cxd5 26.cxd5 Qc7 27.Qd3 Nd7 28.Kf3 Bf6 29.Qd2 Qc4
30.Ne2 Qxa4 31.Bxh6 Nc5 32.Nc3 Qc4 33.Bf8 Qf1+ 34.Qf2 Qxh3+ 35.Qg3 Qh1+ 36.Qg2 Qc1
37.Qh2+ Kg8 38.Bxd6 Nd3 39.Ba3 Qf1+ 40.Kg3 Bg5 41.Ne2 Nf4 42.Ng1 Nh5+  0-1

[Event "Lippstadt"]
[Site "Lippstadt"]
[Date "1992.??.??"]
[Round "?"]
[White "Arkhipov, Sergey"]
[Black "Panzer, Peter"]
[Result "1/2-1/2"]
[WhiteElo "2485"]
[BlackElo "2340"]

1.c4 g6 2.e4 Bg7 3.d4 d6 4.Nc3 Nf6 5.Nf3 O-O 6.Be2 e5 7.dxe5 dxe5 8.Qxd8 Rxd8
9.Bg5 Re8 10.Nd5 Nxd5 11.cxd5 c6 12.Bc4 cxd5 13.Bxd5 Nd7 14.Nd2 Nb6 15.Bb3 Bd7
16.a4 Bc6 17.O-O Bf8 18.Rfc1 Bb4 19.f3 Kg7 20.Nf1 f5 21.a5 Nd7 22.exf5 gxf5
23.Ba4 Rac8 24.Bxc6 Rxc6 25.Rxc6 bxc6 26.Rd1 Nf6 27.Rc1 Bxa5 28.Rxc6 Bb6+
29.Be3 Rb8 30.Bxb6 Rxb6 31.Rxb6 axb6 32.Ne3 Kg6 33.Nc4 Nd7 34.Kf2 Kf6 35.Ke3 Ke6
36.Kd2 f4 37.Kc3 Kd5 38.Nd2 Nc5 39.b4 Na4+ 40.Kb3 b5 41.Ne4 Kd4 42.h4 Nb6
43.Nf6 Nd5 44.Nxh7 e4 45.fxe4 Kxe4 46.Ng5+ Kf5 47.Nf3 Kg4  1/2-1/2

[Event "Lippstadt"]
[Site "Lippstadt"]
[Date "1992.??.??"]
[Round "?"]
[White "Arkhipov, Sergey"]
[Black "Matthias, Heiner"]
[Result "1-0"]
[WhiteElo "2485"]
[BlackElo "2325"]

1.c4 g6 2.e4 Bg7 3.d4 d6 4.Nc3 Nf6 5.Nf3 O-O 6.Be2 e5 7.dxe5 dxe5 8.Qxd8 Rxd8
9.Bg5 Nbd7 10.O-O-O Rf8 11.Nd2 c6 12.b4 a5 13.a3 Re8 14.Kb2 Nf8 15.c5 Ne6
16.Bxf6 Bxf6 17.Nc4 axb4 18.axb4 Nd4 19.Nb6 Rb8 20.Bc4 Bd8 21.Nca4 Kg7 22.Rd3 f5
23.Nc3 Rf8 24.f3 Bxb6 25.cxb6 f4 26.Ra1 g5 27.Ra5 Kf6 28.h3 h5 29.Na4 Rd8
30.Nc5 g4 31.hxg4 hxg4 32.fxg4 Bxg4 33.Ra7 Rh8 34.Rxb7 Rxb7 35.Nxb7 Rb8 36.Ba6 Bc8
37.Nc5 Rxb6 38.Bxc8 Rxb4+ 39.Kc3 Rb1 40.Nd7+ Ke6 41.Nxe5+ Kxe5 42.Rxd4 Rc1+
43.Kb2 Rg1 44.Rd2 Kxe4  1-0

[Event "Lippstadt"]
[Site "Lippstadt"]
[Date "1992.??.??"]
[Round "?"]
[White "Boensch, Uwe"]
[Black "Mainka, Romuald"]
[Result "1/2-1/2"]
[WhiteElo "2490"]
[BlackElo "2550"]

1.d4 Nf6 2.Nf3 g6 3.c4 Bg7 4.Nc3 O-O 5.e4 d6 6.Be2 e5 7.Be3 Na6 8.O-O Ng4
9.Bg5 Qe8 10.h3 f6 11.Bc1 Nh6 12.dxe5 dxe5 13.Be3 c6 14.c5 Kh8 15.Rb1 f5
16.b4 f4 17.Bd2 Nc7 18.Na4 g5 19.Nh2 Be6 20.Qc2 Nb5 21.Bc3 Qg6 22.Rbd1 g4
23.hxg4 Nxg4 24.Nxg4 Bxg4 25.Bxg4 Qxg4 26.f3 Qh5 27.Rd7 Bf6 28.Qb3 Rg8 29.Qe6 Rg6
30.Qf5 Qh4 31.Rf2 Rh6 32.Qh3 Qxh3 33.gxh3 Rxh3 34.Rf7 Rg8+ 35.Rg2 Nxc3 36.Nxc3 Rxf3
37.Rxf6 Rxc3 38.Rf7 Rc1+ 39.Kh2 Rxg2+ 40.Kxg2 Rc2+ 41.Kf3 b6 42.cxb6 axb6
43.a4 Rc4 44.Re7 Rxb4 45.Rxe5 Rxa4 46.Re6 Rc4 47.Kxf4 Kg7 48.Kf5 b5 49.Re7+ Kh6
50.e5 Rc1 51.Rb7 Rf1+ 52.Ke6 Kg6 53.Rb6 Rc1 54.Kd7 Kf5 55.e6 h5 56.e7 Rd1+
57.Kxc6 Re1 58.Kd7 h4 59.Rh6 Rxe7+ 60.Kxe7 Kg4 61.Ke6 h3 62.Ke5 Kg3 63.Ke4 h2
64.Ke3 Kg2 65.Rg6+ Kf1  1/2-1/2

[Event "Lippstadt"]
[Site "Lippstadt"]
[Date "1992.??.??"]
[Round "?"]
[White "Schmidt, Wlodzimierz"]
[Black "Panzer, Peter"]
[Result "1-0"]
[WhiteElo "2420"]
[BlackElo "2340"]

1.Nf3 Nf6 2.c4 g6 3.Nc3 Bg7 4.e4 d6 5.d4 O-O 6.Be2 e5 7.O-O Na6 8.Re1 c6
9.Bf1 Bg4 10.Be3 Nh5 11.Be2 exd4 12.Nxd4 Bxe2 13.Qxe2 Nc5 14.Rad1 Qc7 15.Qd2 Rfe8
16.f3 a5 17.Nb3 Bf8 18.Qf2 Nd7 19.Na4 Ng7 20.Nb6 Nxb6 21.Bxb6 Qb8 22.Bxa5 b5
23.cxb5 Qxb5 24.Bc3 Rxa2 25.Nd4 Qb6 26.Nc2 Qxf2+ 27.Kxf2 Ra6 28.Ne3 f5 29.exf5 Nxf5
30.Nxf5 Rxe1 31.Rxe1 gxf5 32.Re6 Ra4 33.Ke2 Rc4 34.Kd3 Rc5 35.Re8 Kf7 36.Rc8 Rd5+
37.Ke2 Rc5 38.Rc7+ Kg8 39.Kd3 Rd5+ 40.Kc4 Rc5+ 41.Kd3 Rd5+ 42.Ke3 Rc5 43.f4 Rc4
44.g3 c5 45.Rd7 h5 46.Kf3 Ra4 47.h3 Rc4 48.g4 hxg4+ 49.hxg4 fxg4+ 50.Kxg4 Re4
51.Kg5 Be7+ 52.Kg6 Re6+ 53.Kf5 Kf7 54.Bg7 Re2 55.Bf6 d5 56.Bxe7 Rxe7 57.Rxd5 Rb7
58.Rd2 c4 59.Ke5 Ke7 60.Kd4 Ke6 61.Kxc4  1-0

[Event "Lippstadt"]
[Site "Lippstadt"]
[Date "1992.??.??"]
[Round "?"]
[White "Boensch, Uwe"]
[Black "Panzer, Peter"]
[Result "1/2-1/2"]
[WhiteElo "2490"]
[BlackElo "2340"]

1.d4 Nf6 2.c4 g6 3.Nc3 Bg7 4.e4 d6 5.Be2 O-O 6.Nf3 e5 7.O-O Na6 8.Be3 Ng4
9.Bg5 f6 10.Bc1 c6 11.h3 Nh6 12.Rb1 Nf7 13.dxe5 dxe5 14.b4 Qxd1 15.Rxd1 Be6
16.c5 Rfd8 17.Rxd8+ Rxd8 18.a3 Bh6 19.Bxh6 Nxh6 20.Kf1 Kf8 21.Ke1 Ke7 22.Nd1 Nf7
23.Ne3 Nc7 24.h4 h5 25.g3 b5 26.cxb6 axb6 27.Rc1 Kd7 28.Nd2 b5 29.f4 Nd6
30.fxe5 fxe5 31.g4 Rh8 32.gxh5 gxh5 33.Rc5 Nf7 34.Nf5 Ne8 35.Nf3 Nf6 36.Nxe5+ Nxe5
37.Rxe5 Nxe4 38.Nd4 Bd5 39.Nxb5 Rg8 40.Bd3 Rg1+ 41.Ke2 Rg2+ 42.Ke3 Nf6 43.Bf5+ Kd8
44.Nc3 Rh2 45.Nxd5 Nxd5+ 46.Kd4 Rxh4+ 47.Kc5 Ne7 48.Be6 Kc7 49.Bf7 Nc8 50.Re6 Na7
51.Re7+ Kb8 52.Bc4 Nc8 53.Rh7 Re4 54.Rxh5 Kc7 55.Rh7+ Ne7 56.a4 Re5+ 57.Kd4 Re1
58.a5 Kd6 59.Rh6+ Kc7 60.Re6 Nf5+ 61.Kc5 Rxe6 62.Bxe6 Nd6 63.Kd4 Nb5+ 64.Kd3 Nd6
65.Bc4 Ne8 66.Kd4 Kd6 67.Bf1 Nf6 68.Bg2 Nd7 69.Kc3 Nb8 70.Bh3 Na6 71.Kb3 Nc7
72.Bf1 Nd5 73.Bc4 Ne7 74.Ka4 Kc7 75.Be6 Ng6 76.Kb3 Nf4 77.Bc4 Ng6 78.Kc3 Ne7
79.Kd4 Kd6 80.Ke4 Ng6 81.Kd4 Ne7 82.Bf7 Nc8 83.Bg6 Ne7 84.Be4 Nc8 85.Kc4 Na7
86.Bd3 Nb5 87.Kb3 Nd4+ 88.Kc3 Ne6 89.Bc4 Nf8 90.Kb3 Kc7 91.Be2 Nd7 92.Bg4 Nb8
93.Kc4 Na6 94.Be2 Nb8 95.Kd4 Nd7 96.Bg4 Nb8 97.Kc4 Na6 98.Bf3 Nb8 99.Be2 Nd7
100.Bf1 Nc5 101.Kd4 Nd7 102.Ke4 Nf6+ 103.Kd4 Nd7 104.Bc4 Kd6 105.Ke4  1/2-1/2

[Event "Ljubljana Iskra"]
[Site "Ljubljana"]
[Date "1992.??.??"]
[Round "?"]
[White "Jelen, Igor"]
[Black "Bukic, Enver"]
[Result "0-1"]
[WhiteElo "2340"]
[BlackElo "2455"]

1.d4 Nf6 2.c4 g6 3.Nc3 Bg7 4.e4 d6 5.Nf3 O-O 6.Be2 e5 7.O-O Na6 8.Re1 c6
9.Bf1 Bg4 10.Be3 Nd7 11.Be2 Bxf3 12.Bxf3 Nc7 13.dxe5 dxe5 14.Qb3 Ne6 15.Qxb7 Nd4
16.Rad1 Nc5 17.Qxc6 Nxc6 18.Rxd8 Rfxd8 19.Bxc5 Rd2 20.Re2 Rad8 21.Rxd2 Rxd2
22.Ba3 Bf8 23.c5 a5 24.Kf1 Nb4 25.Na4 Rd7 26.b3 Rc7 27.Bb2 f6 28.a3 Nd3 29.Bc3 Nxc5
30.Bxa5 Rc6 31.Nxc5 Rxc5 32.Bd8 Kg7 33.a4 Rc1+ 34.Ke2 Rc3 35.Ke1 Bb4 36.Ke2 Rxb3
37.Bg4 Ra3 38.Bd7 Ra2+ 39.Ke3 Bc5+ 40.Kd3 Bxf2 41.Ba5 Bg1 42.g4 Bxh2 43.Bb6 Bg3
44.Kc4 Be1 45.Kd5 h5 46.g5 Bh4 47.gxf6+ Bxf6 48.a5 h4 49.Kc6 Ra3  0-1

[Event "Lloyds Bank op"]
[Site "London"]
[Date "1992.??.??"]
[Round "?"]
[White "Volzhin, Alexander"]
[Black "McNab, Colin Anderson"]
[Result "0-1"]
[WhiteElo "2405"]
[BlackElo "2480"]

1.d4 d6 2.Nf3 g6 3.c4 Bg7 4.Nc3 Nd7 5.e4 e5 6.Be2 Ngf6 7.O-O O-O 8.Qc2 c6
9.Be3 Qe7 10.Rad1 h6 11.b4 Ng4 12.Bc1 exd4 13.Nxd4 Nxh2 14.Kxh2 Bxd4 15.Bxh6 Be5+
16.f4 Qh4+ 17.Kg1 Qxh6 18.fxe5 Nxe5 19.Rxd6 Bg4 20.Qc1 Qxc1 21.Rxc1 Bxe2
22.Nxe2 Rfd8 23.Rcd1 Rxd6 24.Rxd6 a5 25.a3 axb4 26.axb4 Ra4  0-1

[Event "Lloyds Bank op"]
[Site "London"]
[Date "1992.??.??"]
[Round "?"]
[White "Rossiter, Philip J"]
[Black "Hebden, Mark"]
[Result "0-1"]
[WhiteElo "2280"]
[BlackElo "2510"]

1.Nf3 Nf6 2.c4 g6 3.d4 Bg7 4.Nc3 O-O 5.e4 d6 6.Be2 e5 7.d5 a5 8.Bg5 h6 9.Bh4 Na6
10.Nd2 Qe8 11.Rb1 Bd7 12.b3 Nh7 13.f3 h5 14.a3 Nc5 15.Qc2 Bh6 16.b4 axb4
17.axb4 Na4 18.Nd1 f5 19.Bd3 Nf6 20.Bf2 Nb6 21.c5 fxe4 22.fxe4 Ba4 23.Nb3 Nbd7
24.h3 Nh7 25.c6 bxc6 26.dxc6 Ndf6 27.b5 d5 28.O-O Nxe4 29.Bxe4 dxe4 30.Qxe4 Rf4
31.Qe2 Rb4 32.Bc5 Bxb5 33.Qe1 Bxf1 34.Qxb4 Bd3 35.Rb2 Qxc6 36.Na5 Qe4 37.Qc3 Qd5
38.Nf2 e4 39.Bd4 Nf8 40.Nc6 Ra1+ 41.Kh2 Bf4+ 42.g3 Bxg3+ 43.Kxg3 Qg5+ 44.Ng4 h4+
45.Kg2 Bf1+ 46.Kh1 Bxh3+ 47.Kh2 Bxg4 48.Rf2 Rc1 49.Qa3 Bf5 50.Qb3+ Ne6 51.Qb8+ Kf7
52.Ne5+ Ke7 53.Qb4+ Ke8 54.Qa4+ c6 55.Qa8+ Nd8 56.Ng4 Qxg4  0-1

[Event "Lloyds Bank op"]
[Site "London"]
[Date "1992.??.??"]
[Round "?"]
[White "King, Daniel J"]
[Black "Alava, Mikko"]
[Result "1/2-1/2"]
[WhiteElo "2510"]
[BlackElo "2295"]

1.Nf3 Nf6 2.c4 g6 3.Nc3 Bg7 4.e4 d6 5.d4 O-O 6.Be2 Nbd7 7.O-O e5 8.d5 a5
9.Ne1 Nc5 10.Qc2 Nfd7 11.g3 f5 12.exf5 gxf5 13.f4 Nf6 14.Ng2 Qe7 15.Bd2 Bd7
16.fxe5 dxe5 17.Rae1 Rae8 18.Kh1 Nfe4 19.Nxe4 Nxe4 20.Be3 Nc5 21.Nh4 e4 22.Rf2 Nd3
23.Bxd3 exd3 24.Qxd3 f4 25.Bd2 Qc5 26.Ref1  1/2-1/2

[Event "Lloyds Bank op"]
[Site "London"]
[Date "1992.??.??"]
[Round "?"]
[White "Vujatovic, Rajko"]
[Black "McNab, Colin Anderson"]
[Result "0-1"]
[WhiteElo "2260"]
[BlackElo "2480"]

1.d4 d6 2.Nf3 g6 3.c4 Nd7 4.Nc3 Bg7 5.e4 e5 6.Be2 Ngf6 7.O-O O-O 8.Re1 c6
9.Rb1 a5 10.Bf1 Qe7 11.a3 exd4 12.Nxd4 Nc5 13.f3 a4 14.Be3 Re8 15.Qd2 Nfd7
16.Rbd1 Ne5 17.Kh1 Bf8 18.Bh6 Bxh6 19.Qxh6 Ne6 20.Nc2 Rd8 21.Ne3 Ra5 22.h4 Nxf3
23.Nf5 gxf5 24.gxf3 Qf8 25.Qd2 f4 26.Nb5 b6 27.Nxd6 Rh5 28.Qg2+ Ng7 29.Nxc8 Rxh4+
30.Kg1 Rxd1 31.Rxd1 Qc5+ 32.Qf2 Rh1+ 33.Kxh1 Qxf2 34.Rd8+ Ne8 35.Rxe8+ Kg7
36.Bg2 Qxb2 37.e5 Qxa3 38.Nxb6 Qb3 39.Nd7  0-1

[Event "Lloyds Bank op"]
[Site "London"]
[Date "1992.??.??"]
[Round "?"]
[White "Sherbakov, Ruslan"]
[Black "McNab, Colin Anderson"]
[Result "0-1"]
[WhiteElo "2530"]
[BlackElo "2480"]

1.d4 d6 2.Nf3 g6 3.c4 Bg7 4.Nc3 Nd7 5.e4 e5 6.Be2 Ngf6 7.O-O O-O 8.Be3 Re8
9.d5 Ng4 10.Bd2 f5 11.Ng5 Ndf6 12.c5 Qe7 13.Rc1 a6 14.b4 Bh6 15.h3 dxc5 16.bxc5 f4
17.Nf3 Nxf2 18.Rxf2 Qxc5 19.Bd3 Qd6 20.Na4 g5 21.Nh2 Bf8 22.Qc2 b5 23.Nc5 h5
24.Nf1 g4 25.hxg4 Nxg4 26.Rf3 Re7 27.Be1 Rg7 28.Bh4 Qg6 29.a4 Bxc5+ 30.Qxc5 Nh2
31.Qf2 Qxg2+ 32.Qxg2 Nxf3+ 33.Kf2 Rxg2+ 34.Kxg2 Nxh4+ 35.Kf2 Ra7 36.d6 bxa4
37.Rc5 Ng6 38.Nd2 Kg7 39.Nc4 Rb7 40.dxc7 a3 41.Nd6 Rb2+ 42.Ke1 a2 43.Ra5 Bd7
44.Bxa6 Ne7 45.Bb5 Bxb5 46.Nf5+ Kh7 47.Nxe7 f3  0-1

[Event "Lloyds Bank op"]
[Site "London"]
[Date "1992.??.??"]
[Round "?"]
[White "Levitt, Jonathan"]
[Black "Mortazavi, Ali"]
[Result "1-0"]
[WhiteElo "2455"]
[BlackElo "2320"]

1.d4 d6 2.c4 e5 3.Nc3 Nd7 4.e4 g6 5.Nf3 Bg7 6.Be2 Ngf6 7.O-O O-O 8.Re1 c6
9.h3 exd4 10.Nxd4 Re8 11.Bf1 Nc5 12.Qc2 d5 13.cxd5 cxd5 14.e5 Nfe4 15.Nxe4 Nxe4
16.Bf4 g5 17.Bh2 f6 18.e6 Bxe6 19.Rxe4 dxe4 20.Nxe6 Rxe6 21.Bc4 Qb6 22.Qxe4 Re8
23.Re1 Kf7 24.g4 Qc6 25.Qxc6 bxc6 26.Bd6  1-0

[Event "Madrid-B"]
[Site "Madrid"]
[Date "1992.??.??"]
[Round "4"]
[White "Bass, Leonid"]
[Black "Portela, Javier"]
[Result "1-0"]
[WhiteElo "2495"]
[BlackElo "2360"]

1.d4 Nf6 2.c4 g6 3.Nc3 Bg7 4.e4 d6 5.Nf3 O-O 6.Be2 e5 7.O-O Na6 8.Rb1 c6
9.Re1 exd4 10.Nxd4 Nc5 11.Bf3 Nfd7 12.Be3 a5 13.Qd2 Re8 14.b3 Nf6 15.Bh6 Nd3
16.Red1 Nc5 17.Re1 Nd3 18.Red1 Nc5 19.Bxg7 Kxg7 20.Re1 Re5 21.Re3 Qe7 22.Rbe1 Bd7
23.h3 Re8 24.a3 Qd8 25.b4 Na6 26.Nc2 axb4 27.axb4 Qc7 28.Rd1 Be6 29.Be2 d5
30.f4 Rxe4 31.Nxe4 Nxe4 32.Qd4+ f6 33.Bf3 Nd6 34.Re2 Nxc4 35.Rde1 Kf7 36.f5 Bd7
37.Rxe8 Bxe8 38.Qh4 Ne5 39.Qxh7+ Kf8 40.Qh8+ Kf7 41.fxg6+  1-0

[Event "Madrid-B"]
[Site "Madrid"]
[Date "1992.??.??"]
[Round "7"]
[White "Gallego, Victoriano"]
[Black "Portela, Javier"]
[Result "1-0"]
[WhiteElo "2420"]
[BlackElo "2360"]

1.d4 Nf6 2.c4 g6 3.Nc3 Bg7 4.e4 d6 5.Nf3 O-O 6.Be2 e5 7.O-O Na6 8.d5 c5 9.Ne1 Nc7
10.a3 Nd7 11.Nd3 f5 12.b4 b6 13.Bd2 Nf6 14.f3 h5 15.Nf2 f4 16.Qc2 g5 17.h3 Qe8
18.Rfb1 Qg6 19.Qd1 Rf7 20.a4 g4 21.fxg4 hxg4 22.hxg4 Bf8 23.a5 cxb4 24.Rxb4 Na6
25.Rb2 bxa5 26.Rxa5 Nc5 27.Bf3 Rg7 28.Be1 Be7 29.Rab5 Ba6 30.Rb8+ Rxb8 31.Rxb8+ Kf7
32.Qe2 Nfd7 33.Ra8 Bxc4 34.Qxc4 Nb6 35.Qa2 Nxa8 36.Qxa7 Rg8 37.Nb5 Rh8 38.Bb4 Rc8
39.g5 Nxe4 40.Nxe4 Rc1+ 41.Kf2 Rc2+ 42.Bd2  1-0

[Event "Madrid-B"]
[Site "Madrid"]
[Date "1992.??.??"]
[Round "9"]
[White "Moreno Ruiz, Javier"]
[Black "Portela, Javier"]
[Result "1/2-1/2"]
[WhiteElo "2340"]
[BlackElo "2360"]

1.d4 Nf6 2.c4 g6 3.Nc3 Bg7 4.Nf3 O-O 5.e4 d6 6.Be2 e5 7.Be3 Ng4 8.Bg5 f6
9.Bh4 g5 10.Bg3 Nh6 11.dxe5 fxe5 12.O-O Nc6 13.Nd5 Nd4 14.Nxd4 exd4 15.Nb4 Qe7  1/2-1/2

[Event "Balkaniad"]
[Site "Mangalia"]
[Date "1992.??.??"]
[Round "1"]
[White "Koen, Maja"]
[Black "Makropoulou, Marina"]
[Result "1-0"]
[WhiteElo "2225"]
[BlackElo "2305"]

1.d4 Nf6 2.c4 g6 3.Nc3 Bg7 4.e4 d6 5.Nf3 O-O 6.Be2 e5 7.d5 a5 8.h3 Na6 9.Bg5 Nc5
10.Nd2 h6 11.Be3 Nh7 12.h4 f5 13.h5 gxh5 14.exf5 Bxf5 15.Bxc5 dxc5 16.Nde4 Ng5
17.Bd3 Nxe4 18.Bxe4 Bxe4 19.Nxe4 Rf4 20.Qe2 h4 21.O-O-O Qe7 22.g3 hxg3 23.fxg3 Rxe4
24.Qxe4 Qg5+ 25.Rd2 Rf8 26.d6 cxd6 27.Qd5+ Kh8 28.Qxd6 e4 29.Qd5 Qe3 30.Kc2 a4
31.Rh4 Rf2 32.Rxf2 Qxf2+ 33.Qd2 Qxg3 34.Rxe4 Qg6 35.Qd3 Qg2+ 36.Re2  1-0

[Event "Balkaniad"]
[Site "Mangalia"]
[Date "1992.??.??"]
[Round "2"]
[White "Koen, Maja"]
[Black "Ipek, Nilufer"]
[Result "1-0"]
[WhiteElo "2225"]
[BlackElo "2085"]

1.d4 Nf6 2.c4 g6 3.Nc3 Bg7 4.e4 d6 5.Nf3 O-O 6.Be2 e5 7.d5 a5 8.Nd2 Na6 9.h4 Nc5
10.g4 c6 11.h5 a4 12.g5 Ne8 13.Nf1 f5 14.hxg6 hxg6 15.exf5 Bxf5 16.Ng3 e4
17.Be3 Nd3+ 18.Bxd3 exd3 19.Nxf5 Rxf5 20.Qxd3 a3 21.b4 cxd5 22.Rd1 d4 23.Bxd4 Qxg5
24.Kf1 Nf6 25.Rg1 Ng4 26.Qg3 Bxd4 27.Rxd4 Ne3+ 28.Ke2 Qxg3 29.Rxg3 Nc2 30.Rxd6 Re8+
31.Kf1 Ne3+ 32.Kg1 Nxc4 33.Rdxg6+ Kf7 34.Rg7+ Kf6 35.Rxb7 Nd2 36.Kg2 Re1
37.Rbg7 Rc1 38.R7g6+ Ke5  1-0

[Event "Manila ol (Men)"]
[Site "Manila"]
[Date "1992.??.??"]
[Round "?"]
[White "Bellon Lopez, Juan Manuel"]
[Black "Grivas, Efstratios"]
[Result "1/2-1/2"]
[WhiteElo "2435"]
[BlackElo "2465"]

1.d4 Nf6 2.c4 g6 3.Nc3 Bg7 4.e4 d6 5.Nf3 O-O 6.Be2 e5 7.dxe5 dxe5 8.Qxd8 Rxd8
9.Bg5 Re8 10.Nd5 Nxd5 11.cxd5 c6 12.Bc4 cxd5 13.Bxd5 h6 14.Be3 Nd7 15.Nd2 Nf6
16.Bb3 Ng4 17.Bc5 Bf8 18.Rc1 Be6 19.Ke2 Bxb3 20.Nxb3 Nf6 21.f3 Nh5 22.Be3 Nf4+
23.Bxf4 exf4 24.Rc7 f5 25.Nd2 b6 26.Rhc1 Bc5 27.Nb3 fxe4 28.Nxc5 bxc5 29.R1xc5 exf3+
30.Kxf3 Re3+ 31.Kxf4 Re2 32.Kg3 Rxb2 33.Ra5 a6 34.Rc6 Kh7 35.h4 Ra7 36.Raxa6 Rxa2
37.Rab6 Rg7  1/2-1/2

[Event "Manila ol (Men)"]
[Site "Manila"]
[Date "1992.??.??"]
[Round "?"]
[White "Brunner, Lucas"]
[Black "Ginting, Nasib"]
[Result "1/2-1/2"]
[WhiteElo "2500"]
[BlackElo "2430"]

1.d4 Nf6 2.c4 g6 3.Nc3 Bg7 4.e4 d6 5.Nf3 O-O 6.Be2 Nbd7 7.O-O e5 8.Be3 c6
9.d5 c5 10.Ne1 Ne8 11.Nd3 Nb6 12.Qb3 a5 13.a4 Nd7 14.g3 Qe7 15.Rae1 f5 16.exf5 gxf5
17.f4 e4 18.Nf2 Bd4 19.Nfd1 Nc7 20.Qc2 Nf6 21.Qd2 Bxe3+ 22.Nxe3 Bd7 23.Rf2 Rf7
24.Rg2 Rg7 25.Qd1 Rg6 26.h3 Rh6 27.Rh2 Kh8 28.Kf2 Rg8 29.Rg1 Na6 30.Rgg2 Nb4
31.Kg1 Qg7 32.Nb5 Rg6 33.Nxd6 Rxg3 34.Kh1 Rxg2 35.Rxg2 Qf8 36.Ndxf5 Rxg2
37.Kxg2 Bxf5 38.Nxf5 Nfxd5 39.cxd5 Qxf5 40.d6 Nd3 41.Bg4 Qxf4 42.d7 Qf2+
43.Kh1 Qd4 44.Qb3 Ne5 45.Qxb7 Nf7 46.Qa8+ Kg7 47.Qxa5 h5 48.Bxh5 Qxd7 49.Qc3+ Kg8
50.Qg3+ Kf8 51.Bxf7 Qxf7 52.Qb8+ Kg7 53.Qe5+ Kh6 54.Qxe4 Qf1+ 55.Kh2 Qf2+
56.Qg2 Qf4+ 57.Kh1 Qc1+ 58.Qg1 Qxb2 59.Qe3+ Kg6 60.Qxc5 Qb7+ 61.Kh2 Qb2+
62.Kg3  1/2-1/2

[Event "Manila ol (Women)"]
[Site "Manila"]
[Date "1992.??.??"]
[Round "?"]
[White "Koen, Maja"]
[Black "Burijovich, Liliana"]
[Result "1-0"]
[WhiteElo "2225"]
[BlackElo "2190"]

1.d4 Nf6 2.c4 g6 3.Nc3 Bg7 4.e4 d6 5.Nf3 O-O 6.Be2 e5 7.d5 a5 8.Nd2 Na6 9.h4 h6
10.g4 Ne8 11.h5 Nc5 12.Nb3 Nxb3 13.axb3 f5 14.hxg6 f4 15.b4 c6 16.dxc6 bxc6
17.bxa5 Rxa5 18.Rxa5 Qxa5 19.g5 hxg5 20.Bg4 Qd8 21.Nd5 Nc7 22.Nxc7 Qxc7 23.Bxc8 Qxc8
24.Qh5 Re8 25.Qxg5 Qe6 26.b3 d5 27.Ba3 Ra8 28.Bc5 dxe4 29.O-O Bf6 30.Qh5 Qd7
31.Rd1 Qg7 32.Qf5 Kh8 33.Kg2 f3+ 34.Kg3 Re8 35.Rh1+ Kg8 36.Rh7  1-0